| 000 | 01676nam a2200409 c 4500 | ||
|---|---|---|---|
| 003 | BLK | ||
| 005 | 20200822093027.0 | ||
| 008 | 180409b bul|||||r ||||||| ||bul|| | ||
| 010 | _aKNG00139023000 | ||
| 020 |
_a978-619-150-091-8 _bиздат.: Колибри |
||
| 040 | _aBLK | ||
| 041 |
_aBUL _cBUL |
||
| 072 | 7 |
_2bullib _aН32 _xПолитика Н |
|
| 080 |
_aВътрешна политика. Вж и 329 _b323 _x(729.1)(0:82-4) _z323(729.1)(0:82-4) |
||
| 080 |
_aИспанска литература _b821.134.2 _x-4 _z821.134.2-4 |
||
| 100 | 1 |
_aБотин, Висенте _eпърви автор _942126 |
|
| 700 | 1 |
_aОмайников, Захари Стефанов _eпрев. _9364697 |
|
| 700 | 1 |
_aРадичкова, Даниела _eпрев. _9323625 |
|
| 700 | 1 |
_aДамянова, Елена _eпрев. _9305770 |
|
| 139 |
_aБотин, Висенте _bБ 70 |
||
| 245 | 1 | 0 |
_aПогребението на Кастро _cВисенте Ботин; прев. Захари Стефанов Омайников; прев. Даниела Радичкова; прев. Елена Дамянова. |
| 257 | _aSPA | ||
| 260 |
_аСофия _bКолибри _c2012 _fСофия : Симолини |
||
| 300 |
_a392 с. _c21 см |
||
| 380 | _a3 | ||
| 500 | _aОриг. загл. Los funerales de Castro / Vicente Botin. | ||
| 650 | 4 |
_aКуба - политика _9295491 |
|
| 651 | 4 |
_aКуба _9272036 |
|
| 653 | _aКуба | ||
| 653 | _aвътрешна политика | ||
| 659 | _aН | ||
| 852 | _aЦб 258146 | ||
| 856 | 4 |
_qpdf _u |
|
| 856 | 4 |
_qpdf _u |
|
| 942 |
_cKNG _n0 _02 |
||
| 944 |
_aCR _c06.02.2013 _lф / _kЛюдмила_Стоянова |
||
| 944 |
_aED _c11.11.2014 _lф / _kПенка_Димитрова |
||
| 999 |
_c133133 _d133133 |
||